Statistics for Countries next door to Countries Bordering Countries neighboring Brazil

Click here to take the quiz!

General Stats

  • This quiz has been taken 33 times
    (18 since last reset)
  • The average score is 9 of 12

Answer Stats

Country% Correct
Costa Rica
89%
Austria
83%
Czech Republic
83%
Denmark
83%
Poland
83%
United Kingdom
83%
Liechtenstein
78%
Slovenia
78%
Morocco
72%
Portugal
72%
San Marino
61%
Vatican City
61%

Score Distribution

Percentile by Number Answered

Percent of People with Each Score

Your Score History

You have not taken this quiz since the last reset